000 00566nmm a2200193Ia 4500
008 251105s9999||||xx |||||||||||||||||und||
020 _a9788497888721
041 _acat
100 _aPujadas i Muñoz, Joan J.
245 0 _aEtnografía
264 _a[Madrid, España] :
_bUniversitat Oberta de Catalunya,
_c2004
300 _a338 páginas
650 _aAnthropology
700 _aPujadas i Muñoz, Joan J.
700 1 _a Comas d'Argemir, Dolors
700 1 _a Roca i Girona, Jordi
856 _uhttps://public.digitaliapublishing.com/a/20146
942 _cCF
999 _c70223
_d70223